LIBRARY & INFORMATION CENTRE, KCAET, TAVANUR

ONLINE PUBLIC ACCESS CATALOGUE (OPAC)

William Shakespeare : The Complete Works / (Record no. 6049)

MARC details
000 -LEADER
fixed length control field 00274cam a2200109ua 4500
082 ## - DEWEY DECIMAL CLASSIFICATION NUMBER
Classification number 822
Item number SHA/WI
100 ## - MAIN ENTRY--AUTHOR NAME
Personal name Shakespeare, William.
245 ## - TITLE STATEMENT
Title William Shakespeare : The Complete Works /
260 ## - PUBLICATION, DISTRIBUTION, ETC. (IMPRINT)
Place of publication London :
Name of publisher Collins ,
Year of publication 1962.
300 ## - PHYSICAL DESCRIPTION
Number of Pages 1376 ; .
942 ## - ADDED ENTRY ELEMENTS (KOHA)
Koha item type Books
Holdings
Withdrawn status Lost status Damaged status Home library Current library Date acquired Full call number Accession Number Koha item type
      KAUAET KAUAET 07/04/2012 637.14 LAM/DA 5069 Books
      KAUAET KAUAET 13/11/2023 822 SHA/WI 11954 Books
free website counter